Państwa Europy ale tylko 3 ostatnie literki - Statystyki

Ogólne statystyki
  • Ten quiz został rozwiązany 103 razy
    102 od ostatniego zresetowania
  • Średni wynik to 35 z 45
Odpowiedzi na mapie
Odpowiedzi zakodowano w zielono-czerwonej skali na mapie do tego quizu, zgodnie z poniższymi procentami.
 
Statystyki odpowiedzi
Państwo % Poprawnych
Albania
100%
Dania
100%
Estonia
100%
Hiszpania
100%
Polska
100%
Rumunia
100%
Słowenia
100%
Wielka Brytania
100%
Chorwacja
98%
Francja
98%
Grecja
98%
Słowacja
98%
Szwecja
98%
Niemcy
94%
Finlandia
91%
Holandia
91%
Irlandia
91%
Islandia
91%
Czechy
90%
Włochy
90%
Belgia
89%
Norwegia
89%
Bośnia i Hercegowina
88%
Rosja
88%
Ukraina
88%
Austria
81%
Bułgaria
81%
Szwajcaria
81%
Portugalia
78%
Litwa
74%
Łotwa
74%
Białoruś
71%
Węgry
68%
Andora
65%
Czarnogóra
65%
Mołdawia
58%
Serbia
58%
Luksemburg
54%
Kosowo
51%
Watykan
45%
Liechtenstein
41%
San Marino
40%
Monako
39%
Macedonia Północna
33%
Malta
24%
Nie znaleziono quizów pasujących do podanych kryteriów
Rozkład punktacji
Procent ludzi z każdym wynikiem
Percentyl według liczby udzielonych odpowiedzi
Twoja historia wyników
Nie rozwiązałeś tego quizu od ostatniego zresetowania